000 00618nam a2200229Ia 4500
003 OSt
005 20220924132911.0
006 a|||||r|||| 00| 0
007 ta
008 220923b |||||||| |||| 00| 0 urd d
024 _a253524
037 _cTextual
040 _aARTS
_cARTS
_burd
041 _2urd
_aurd
082 _aO168,1vN5, K9
100 _aSrivastav Ganpat Sahay
_9205283
245 0 _aUrdu shairi ki irtaka me hindu shayron ka hissah
260 _c1969
650 _aURDU LITERATURE
942 _hO168,1vN5, K9
_cTEXL
_2CC
999 _c432008
_d432008